000 00883nam a22002777a 4500
001 8407
003 FISKH
005 20250910153650.0
008 250910b cb ||||| |||| 00| 0 eng d
020 _a9780778706816
040 _aFISKH
_beng
_cFISKH
_dFISKH
050 _a QL668.E2 K343
082 _a597.8
100 _aKalman, Bobbie
245 _aThe life cycle of a frog /
_cBy Bobbie Kalman & Kathryn Smithyman : Illustrated by Bonna Rouse
260 _aNew York :
_bCabtree Publishing Company ,
_c2002.
300 _a29 pages :
_bcolor illustrations ;
_c24 cm .
505 _aZ
520 _aDescribes how frogs develop from eggs to tadpoles to froglets to adult frogs.
521 8 _a910
_bLexile NC
521 8 _aZ
_bRaz-Plus
650 _aLife cycles
_vNon-fiction
700 _aRouse, Bonna
_eIllustrator
942 _2ddc
_cBK
_n0
999 _c8407
_d8407